ANTENATAL AND INTRAPARTUM FETAL SURVEILLANCE (Record no. 216568)

MARC details
000 -LEADER
fixed length control field 00478nam a22001577a 4500
008 - FIXED-LENGTH DATA ELEMENTS--GENERAL INFORMATION
fixed length control field 260209b |||||||| |||| 00| 0 eng d
020 ## - INTERNATIONAL STANDARD BOOK NUMBER
International Standard Book Number 978-81-7371-864-9
100 ## - MAIN ENTRY--PERSONAL NAME
Personal name ARULKUMARAN, SABARATNAMAN
245 ## - TITLE STATEMENT
Title ANTENATAL AND INTRAPARTUM FETAL SURVEILLANCE
260 ## - PUBLICATION, DISTRIBUTION, ETC.
Place of publication, distribution, etc. HYDERABAD
Name of publisher, distributor, etc. UNIVERSITIES PRESS
Date of publication, distribution, etc. 2013
300 ## - PHYSICAL DESCRIPTION
Extent XIII,294P.
500 ## - GENERAL NOTE
General note INCLUDES INDEX
650 ## - SUBJECT ADDED ENTRY
Topical term or geographic name entry element 1. FETUS- MONITORING 2. FETAL HEART RATE MONITORING
942 ## - ADDED ENTRY ELEMENTS (KOHA)
Source of classification or shelving scheme Library of Congress Classification
Koha item type Long Loan Book
Holdings
Withdrawn status Lost status Source of classification or shelving scheme Damaged status Not for loan Collection Home library Current library Shelving location Date acquired Inventory number Total checkouts Full call number Barcode Date last seen Copy number Price effective from Koha item type
    Library of Congress Classification     Medicine Kisii University Library Kisii University Library On Display 02/09/2026 110967   RG 732 A.58 2013 51361 02/09/2026 1 02/09/2026 Long Loan Book
    Library of Congress Classification     Medicine Kisii University Library Kisii University Library On Display 02/09/2026 110968   RG 732 A.58 2013 51382 02/09/2026 2 02/09/2026 Long Loan Book
    Library of Congress Classification     Medicine Kisii University Library Kisii University Library On Display 02/09/2026 110969   RG 732 A.58 2013 51391 02/09/2026 3 02/09/2026 Long Loan Book
    Library of Congress Classification     Medicine Kisii University Library Kisii University Library On Display 02/09/2026 110970   RG 732 A.58 2013 51423 02/09/2026 4 02/09/2026 Long Loan Book
    Library of Congress Classification     Medicine Kisii University Library Kisii University Library On Display 02/09/2026 110971   RG 732 A.58 2013 51422 02/09/2026 5 02/09/2026 Long Loan Book
    Library of Congress Classification     Medicine Kisii University Library Kisii University Library On Display 02/09/2026 110972   RG 732 .A58 2013 51424 02/09/2026 6 02/09/2026 Long Loan Book
    Library of Congress Classification     Medicine Kisii University Library Kisii University Library On Display 02/11/2026 110973   RG 732 .A58 2013 51444 02/11/2026 7 02/11/2026 Long Loan Book
    Library of Congress Classification     Medicine Kisii University Library Kisii University Library On Display 02/11/2026 110974   RG 732 .A58 2013 51427 02/11/2026 8 02/11/2026 Long Loan Book